01308nab a2200301 uc450000100070000000500170000700800410002403500110006503500210007604000130009704100080011010000430011824500650016152002210022665000310044765000500047865000410052865000420056965000620061165000530067365000200072665000390074670000480078570000560083377300880088994200100097799900190098759979420260429101716.0000607s2000 spa  a599794 a(OCoLC)819834761 ccomduadb aspa10aTorres Pares, Javier4auteaut930933114aLos bonos educativos y la crisis de la universidad pública3 aRESUMEN : Los autores analizan las políticas educativas en el sector público mexicano durante los últimos gobiernos y centran su atención en la reciente crisis de la Universidad Autónoma de México - UNAM. aCrisis universitaria95680 aPrivatizacion de la educacion superior964259 aEducación superior y Estado964260 7aUniversidades públicas2lemb943739 aUNAM (Universidad Nacional Autónoma de México)921516 aFinanciación de la educación superior964261 aMéxico942871 7aPolítica educativa2lemb985639010aGutiérrez Tenorio, Adel4auteaut950608110aMiranda Vázquez, Jorge Humberto4auteaut93093320 tNómadas (Bogotá)gNúmero 12, Abril 2000, p. 233-245w106322x0121-7550090417 cARIMP c153377d153377